| 000 | 00449nam a2200169Ia 4500 | ||
|---|---|---|---|
| 008 | 210719s1998 xx 000 0 und d | ||
| 020 | _a0074630490 | ||
| 041 | _aeng | ||
| 082 | _a001.6424J BALP | ||
| 100 | _aBALAGURUSAMY (E) | ||
| 245 | _aProgramming with java a primer. | ||
| 260 |
_aNew Delhi. _bTata McGraw-Hill Publishing Company Ltd. _c1998 |
||
| 300 |
_axx,343 _bPB |
||
| 365 |
_b135 _cRs |
||
| 650 | _aComputer Science | ||
| 906 | _aJava | ||
| 999 |
_c213526 _d213526 |
||